March Madness Winners - Statistics

General Stats
  • This quiz has been taken 3,915 times
    1,519 since last reset
  • The average score is 64 of 85
Answer Stats
Hint Answer % Correct
2006 (1) Florida
98%
2007 (2) Florida
98%
2025 (3) Florida
98%
1957 (1) North Carolina
97%
1982 (2) North Carolina
97%
1993 (3) North Carolina
97%
2005 (4) North Carolina
97%
2009 (5) North Carolina
97%
2017 (6) North Carolina
97%
1999 (1) Connecticut
96%
2004 (2) Connecticut
96%
2011 (3) Connecticut
96%
2014 (4) Connecticut
96%
2023 (5) Connecticut
96%
2024 (6) Connecticut
96%
1991 (1) Duke
96%
1992 (2) Duke
96%
2001 (3) Duke
96%
2010 (4) Duke
96%
2015 (5) Duke
96%
1964 (1) UCLA
96%
1965 (2) UCLA
96%
1967 (3) UCLA
96%
1968 (4) UCLA
96%
1969 (5) UCLA
96%
1970 (6) UCLA
96%
1971 (7) UCLA
96%
1972 (8) UCLA
96%
1973 (9) UCLA
96%
1975 (10) UCLA
96%
1995 (11) UCLA
96%
2021 (1) Baylor
93%
1952 (1) Kansas
91%
1988 (2) Kansas
91%
2008 (3) Kansas
91%
2022 (4) Kansas
91%
1989 (1) Michigan
90%
1948 (1) Kentucky
89%
1949 (2) Kentucky
89%
1951 (3) Kentucky
89%
1958 (4) Kentucky
89%
1978 (5) Kentucky
89%
1996 (6) Kentucky
89%
1998 (7) Kentucky
89%
2012 (8) Kentucky
89%
1985 (1) Villanova
86%
2016 (2) Villanova
86%
2018 (3) Villanova
86%
1979 (1) Michigan State
83%
2000 (2) Michigan State
83%
2019 (1) Virginia
82%
2003 (1) Syracuse
76%
1939 (1) Oregon
75%
1940 (1) Indiana
73%
1953 (2) Indiana
73%
1976 (3) Indiana
73%
1981 (4) Indiana
73%
1987 (5) Indiana
73%
1960 (1) Ohio State
64%
1997 (1) Arizona
58%
2002 (1) Maryland
53%
1959 (1) California
51%
1984 (1) Georgetown
51%
1974 (1) NC State
51%
1983 (2) NC State
51%
1994 (1) Arkansas
50%
1980 (1) Louisville
49%
1986 (2) Louisville
49%
1945 (1) Oklahoma State
47%
1946 (2) Oklahoma State
47%
1990 (1) UNLV
47%
1941 (1) Wisconsin
46%
1942 (1) Stanford
40%
1943 (1) Wyoming
39%
1944 (1) Utah
34%
1955 (1) San Francisco
33%
1956 (2) San Francisco
33%
1961 (1) Cincinnati
32%
1962 (2) Cincinnati
32%
1977 (1) Marquette
31%
1966 (1) UTEP
28%
1947 (1) Holy Cross
25%
1963 (1) Loyola Chicago
25%
1950 (1) CCNY
18%
1954 (1) La Salle
18%
No matching quizzes found
Score Distribution
Percent of People with Each Score
Percentile by Number Answered
Your Score History
You have not taken this quiz since the last reset